English phonetics and phonology : A practical course

Gorde:
Xehetasun bibliografikoak
Egile nagusia: Roach, Peter
Formatua: Liburua
Hizkuntza:Undetermined
Argitaratua: Cambridge Cambridge University Press 1983
Gaiak:
Etiketak: Etiketa erantsi
Etiketarik gabe, Izan zaitez lehena erregistro honi etiketa jartzen!
Thư viện lưu trữ: Trung tâm Học liệu Trường Đại học Cần Thơ
LEADER 00576nam a2200205Ia 4500
001 CTU_120764
008 210402s9999 xx 000 0 und d
082 |a 428.34 
082 |b R628/Cas.2 
100 |a Roach, Peter 
245 0 |a English phonetics and phonology : 
245 2 |b A practical course 
245 0 |c Peter Roach 
260 |a Cambridge 
260 |b Cambridge University Press 
260 |c 1983 
650 |a English language,English language 
650 |x Phonetics,Phonology 
904 |i M.Loan 
980 |a Trung tâm Học liệu Trường Đại học Cần Thơ